Olivia Rodrigo - Paroles scared of my guitar - Statistiques

Statistiques générales
  • Ce quiz a été pris 76 fois
  • Le résultat moyen est 372 sur 427
Statistiques - réponses
Hint Réponse % Correct
a
100%
I
100%
I'm
100%
guitar
97%
in
97%
in,
97%
it
97%
it,
97%
It
97%
my
97%
of
97%
scared
97%
so
97%
So
97%
the
97%
The
97%
to
97%
you?
97%
you
97%
and
94%
But
94%
me
94%
that
94%
can't
92%
Refrain Oh,
92%
right
92%
right?
92%
say
92%
too
92%
all
89%
'Cause
89%
'cause,
89%
fine,
89%
got
89%
I'll
89%
know
89%
knows
89%
love
89%
love,
89%
pretend
89%
through
89%
time
89%
excuse
86%
heart
86%
it's
86%
lie
86%
no
86%
same
86%
tell
86%
then
86%
way
86%
well
86%
we'll
86%
well,
86%
your
86%
arms
83%
be
83%
confused
83%
cuts
83%
find
83%
good
83%
If
83%
if
83%
lay
83%
let
83%
Maybe
83%
maybe
83%
think
83%
thought
83%
when
83%
When
83%
already
81%
as
81%
As
81%
cure
81%
done
81%
hard
81%
next
81%
not
81%
Couplet 1 Perfect,
81%
play
81%
sleep
81%
what
81%
Yeah,
81%
Pré-refrain Barely
78%
easy,
78%
I've
78%
just
78%
keep
78%
never
78%
somethin'
78%
friends
75%
how
75%
I'd
75%
Once
75%
thinkin'
75%
alright
72%
away
72%
better?
72%
claim
72%
else
72%
that's
72%
truth
72%
anything
69%
happy
69%
is
69%
like
69%
make
69%
mind
69%
shape
69%
sure
69%
them
69%
always
67%
ever
67%
felt
67%
for
67%
overwhelmed,
67%
stay
67%
they
67%
together
67%
was
67%
what's
67%
could
64%
Distract
64%
excuses,
64%
gut
64%
half
64%
light
64%
myself,
64%
rather
64%
someone,
64%
there
64%
watch
64%
enough
61%
even
61%
fade
61%
why's
61%
along
58%
decent
58%
doubt
58%
have
58%
Trade
58%
wrong
58%
creeps
56%
nerve
56%
pit
56%
stop
56%
they're
56%
tied
56%
brave
50%
noble
50%
stringin'
39%
Aucun quiz correspondant
Distribution des résultats
% des personnes avec chaque résultat
Percentile par nombre de réponses
Votre historique - résultats
Vous n’avez pas pris ce quiz